000 00771nam a22002777a 4500
001 4124
003 FISKH
005 20240607151901.0
008 240607b cb ||||| |||| 00| 0 eng d
020 _a078073004997
040 _aFISKH
_beng
_cFISKH
_dFISKH
050 _aPZ7.M4739
082 _a519
100 _aMazer Anne
_d1953-
245 _aEvery cloud has a silver lining /
_bThe amazing days of abby hayes
_cby Anne Mazer
260 _aNew York :
_bScholastic,
_c2000
300 _a118 pages :
_c20 cm
490 _v#1
505 _aK
520 _aAbby hopes to prove that she is as great as her siblings.
521 8 _a590
_bLexile
521 8 _aK
_bRaz-Plus
700 _aAnne Mazer
942 _2ddc
_cBK
_n0
999 _c4124
_d4124